Arbitraje : (Registro nro. 24587)

Detalles MARC
000 -Cabecera
Campo de control interno 00563nam a2200181Ia 4500
005 - Fecha y hora del registro
control field 20260414151053.0
008 - Elementos de Longitud Fija
fixed length control field 260414t2015||||xx |||||||||||||| ||spa||
041 ## - Idioma
Codigo Idioma ESP
082 ## - DEWEY y NOTACIÓN INTERNA
Dewey 345.721
Notación Interna B141 V. 34
100 ## - AUTOR
Autor denominación Zegarra-Ballón Quintanilla, Irene
Término de relación autor
245 #0 - TÍTULO DE MATERIAL BIBLIOGRÁFICO
Título Arbitraje :
Título paralelo la forma del acuerdo arbitral en la ley de arbitraje peruana de 2008 y los instrumentos internacionales vinculantes para el Perú
260 ## - CIUDAD, EDITORIAL, AÑO
Año 2015
300 ## - DESCRIPCIÓN
N° Páginas 270 páginas :
Dimensiones 24 cm.
650 ## - TEMAS
Temas Derecho
654 ## - PROGRAMAS
Programa Dpto. de Derecho y Ciencia Política
942 ## - ELEMENTOS DE KOHA
Tipo de documento Libro
Nombre del creador Justo Noguera
Código de catalogador Justo Noguera
Esquema de clasificación Dewey Decimal Classification
Suppress in OPAC
Existencias
Codigo completo Registro Colección Copia número Disponibilidad Tipo de préstamo Biblioteca Actual Procedencia (Biblioteca) Ubicacón Fecha Ingreso Tipo de Adquisición Date last seen Total checkouts Price effective from Tipo de Item Estado del Material Damaged status Withdrawn status
345.721 B141 V. 34 1045666 Universidad Católica San Pablo 1 Disponible Disponible Víctor Andrés Belaunde Víctor Andrés Belaunde Primer piso 14/04/2026 Donación 14/04/2026   14/04/2026 Libro Bueno